=LDR 00000nam 2200000 4500 =001 INLIS000000001054093 =005 20251028105206 =035 ##$$a 0010-1025000040 =007 ta =008 251028################a##########0###### =020 ##$$a 89-409-1220-9 =082 ##$$a 028.55 =084 ##$$a 028.55 GOL b =100 #$$a Goldie, Sonia =245 1#$$a Bintang di sekitar kita /$c Sonia Goldie =260 ##$$a Gangnam, Seoul :$b Froebel =300 ##$$a 32 halaman : $b ilustrasi ; $c 24,5 x 19,5 cm =650 #4$$a Bacaan Kanak-kanak =990 ##$$a 09580958